[Event "18. Open de Sants Hostafrancs 2016 - C"]
[Site "Barcelona ESP"]
[Date "2016.08.21"]
[Round "3.4"]
[White "Escoriza Lusilla, Pedro"]
[Black "Albert Cristobal, Jorge"]
[Result "1/2-1/2"]
[WhiteElo "1668"]
[BlackElo "1781"]
[PlyCount "112"]
[EventDate "2016.08.19"]
[EventType "swiss"]
[EventRounds "10"]
[EventCountry "ESP"]
[SourceTitle "Ajedrez en Madrid"]
[Source "lmi"]
[SourceDate "2016.08.19"]

1. c4 Nf6 2. Nc3 g6 3. g3 d5 4. cxd5 Nxd5 5. Bg2 Nxc3 6. bxc3 Bg7 7. Nf3 c6 8.
O-O O-O 9. Rb1 e5 10. d4 exd4 11. cxd4 Nd7 12. e3 Nb6 13. Nd2 Be6 14. a4 Rb8
15. Ba3 Re8 16. Bc5 Bf8 17. Bxf8 Rxf8 18. Ra1 Qd7 19. Ne4 Qe7 20. Nc5 Nd7 21.
Nxe6 Qxe6 22. Qe2 Rfe8 23. Rfc1 Rbd8 24. Qc4 Qf6 25. a5 Nb8 26. Rab1 Re7 27.
Qc5 a6 28. Qb6 Qd6 29. Qc5 Qf6 30. Qb6 Qd6 31. Qc5 Qc7 32. Qb6 Qd6 33. Qc5 Rc7
34. Qxd6 Rxd6 35. Rb2 Rdd7 36. Rcb1 Re7 37. d5 cxd5 38. Bxd5 Nc6 39. Bxc6 bxc6
40. Rb6 c5 41. Rxa6 c4 42. Rc1 c3 43. Rd6 Rc5 44. a6 Ra7 45. Rd3 Rc6 46. Rdxc3
Rcxa6 47. Rc7 Kg7 48. Rxa7 Rxa7 49. Kg2 Ra2 50. Kf3 g5 51. Rc4 h5 52. h3 Kg6
53. Rd4 Rb2 54. Rd8 Ra2 55. Rg8+ Kh6 56. Rh8+ Kg6 1/2-1/2

[Event "18. Open de Sants Hostafrancs 2016 - C"]
[Site "Barcelona ESP"]
[Date "2016.08.21"]
[Round "3.6"]
[White "Sanchez De Medina Vilagrasa, Enric"]
[Black "Matons Calafi, Eva M"]
[Result "0-1"]
[WhiteElo "1657"]
[BlackElo "1775"]
[PlyCount "76"]
[EventDate "2016.08.19"]
[EventType "swiss"]
[EventRounds "10"]
[EventCountry "ESP"]
[SourceTitle "Ajedrez en Madrid"]
[Source "lmi"]
[SourceDate "2016.08.19"]

1. e4 e6 2. d4 d5 3. exd5 exd5 4. c4 c6 5. Nf3 Nf6 6. Nc3 Be7 7. Bf4 O-O 8. Be2
dxc4 9. O-O Be6 10. Nd2 b5 11. Nde4 b4 12. Nxf6+ Bxf6 13. Ne4 Qxd4 14. Nxf6+
Qxf6 15. Be3 Bd5 16. Bc5 Re8 17. Re1 Na6 18. Bd4 Qg6 19. f3 Nc7 20. Qd2 Ne6 21.
Rad1 Ng5 22. Qf4 Ne6 23. Qh4 Qg5 24. Qxg5 Nxg5 25. Bc5 a5 26. Kf2 Ne6 27. Be3
Nc7 28. Rc1 Re6 29. Bxc4 Bxc4 30. Rxc4 Rae8 31. Rcc1 Nd5 32. Bd2 Kf8 33. Rc5
Rxe1 34. Bxe1 Nf4 35. Rc2 Nd3+ 36. Kg3 Nxe1 37. Rxc6 Re2 38. Ra6 Rxg2+ 0-1

[Event "18. Open de Sants Hostafrancs 2016 - C"]
[Site "Barcelona ESP"]
[Date "2016.08.21"]
[Round "3.7"]
[White "Castaneda Munoz, Antonio"]
[Black "Petit Montes, Marc"]
[Result "0-1"]
[WhiteElo "1620"]
[BlackElo "1770"]
[PlyCount "62"]
[EventDate "2016.08.19"]
[EventType "swiss"]
[EventRounds "10"]
[EventCountry "ESP"]
[SourceTitle "Ajedrez en Madrid"]
[Source "lmi"]
[SourceDate "2016.08.19"]

1. e4 c6 2. Nc3 d5 3. Nf3 dxe4 4. Nxe4 Bg4 5. Be2 e6 6. h3 Bxf3 7. Bxf3 Nf6 8.
d4 Nbd7 9. O-O Nxe4 10. Bxe4 Nf6 11. Bf3 Qc7 12. c4 Be7 13. Qc2 O-O 14. b3 Rfd8
15. Be3 Rac8 16. Rad1 b6 17. Rd3 h6 18. Re1 Nh7 19. Qe2 Bg5 20. Bg4 Bxe3 21.
Qxe3 Nf6 22. Bf3 Rd7 23. Red1 Rcd8 24. c5 Nd5 25. cxb6 axb6 26. Qe4 Rd6 27. a3
Qd7 28. Rc1 Ne7 29. b4 Nf5 30. Rcd1 Nxd4 31. Rxd4 Rxd4 0-1

[Event "18. Open de Sants Hostafrancs 2016 - C"]
[Site "Barcelona ESP"]
[Date "2016.08.21"]
[Round "3.8"]
[White "Halegua, Dani"]
[Black "Vicente Bessen, Kirian"]
[Result "1-0"]
[WhiteElo "1578"]
[BlackElo "1766"]
[PlyCount "25"]
[EventDate "2016.08.19"]
[EventType "swiss"]
[EventRounds "10"]
[EventCountry "ESP"]
[SourceTitle "Ajedrez en Madrid"]
[Source "lmi"]
[SourceDate "2016.08.19"]

1. e4 d5 2. exd5 Qxd5 3. Nc3 Qd6 4. d4 Nc6 5. Nb5 Qd7 6. Bf4 e5 7. dxe5 a6 8.
Qxd7+ Kxd7 9. O-O-O+ Ke7 10. Nxc7 Ra7 11. Be3 b6 12. Bxb6 Rb7 13. Bc5# 1-0

[Event "18. Open de Sants Hostafrancs 2016 - C"]
[Site "Barcelona ESP"]
[Date "2016.08.21"]
[Round "3.9"]
[White "Monteagudo Aguilera, Maximo"]
[Black "Gomez Guinovart, Josep Manel"]
[Result "1/2-1/2"]
[WhiteElo "1759"]
[BlackElo "1669"]
[PlyCount "46"]
[EventDate "2016.08.19"]
[EventType "swiss"]
[EventRounds "10"]
[EventCountry "ESP"]
[SourceTitle "Ajedrez en Madrid"]
[Source "lmi"]
[SourceDate "2016.08.19"]

1. e4 e6 2. d4 d5 3. exd5 exd5 4. Bd3 Bd6 5. Be3 Ne7 6. Nf3 O-O 7. Nbd2 Re8 8.
O-O Bf5 9. Bxf5 Nxf5 10. Re1 Nd7 11. Nf1 c6 12. Qd3 Nxe3 13. Nxe3 Nf6 14. Nf5
Ne4 15. Nxd6 Nxd6 16. Rxe8+ Nxe8 17. Re1 f6 18. Qf5 Qd6 19. Qe6+ Kf8 20. g4 Qc7
21. g5 Qc8 22. Qxc8 Rxc8 23. gxf6 gxf6 1/2-1/2

[Event "18. Open de Sants Hostafrancs 2016 - C"]
[Site "Barcelona ESP"]
[Date "2016.08.21"]
[Round "3.10"]
[White "Albert Estebanez, Carles"]
[Black "Conti, Angelo"]
[Result "1-0"]
[WhiteElo "1756"]
[BlackElo "1658"]
[PlyCount "85"]
[EventDate "2016.08.19"]
[EventType "swiss"]
[EventRounds "10"]
[EventCountry "ESP"]
[SourceTitle "Ajedrez en Madrid"]
[Source "lmi"]
[SourceDate "2016.08.19"]

1. e4 e5 2. Nf3 Nc6 3. d4 exd4 4. Nxd4 Bc5 5. Be3 Qf6 6. c3 Nge7 7. Bc4 d6 8.
O-O a6 9. Nxc6 Nxc6 10. Bxc5 dxc5 11. Nd2 O-O 12. Nf3 Bg4 13. Be2 Rfe8 14. Nd2
Bxe2 15. Qxe2 Qg6 16. Rfe1 Rad8 17. Rad1 Ne5 18. Nf3 Rd6 19. Nxe5 Rxe5 20. Rxd6
Qxd6 21. Rd1 Qe7 22. f3 h6 23. Qd3 Kf8 24. Qd8+ Qxd8 25. Rxd8+ Ke7 26. Rd2 Re6
27. Kf2 Rd6 28. Ke3 b5 29. Rd5 Rxd5 30. exd5 Kd6 31. Ke4 a5 32. b3 c4 33. bxc4
Kc5 34. cxb5 Kxb5 35. Kd4 a4 36. a3 f6 37. c4+ Kb6 38. c5+ Kb5 39. g4 g6 40. h4
h5 41. gxh5 gxh5 42. f4 f5 43. d6 1-0

[Event "18. Open de Sants Hostafrancs 2016 - C"]
[Site "Barcelona ESP"]
[Date "2016.08.22"]
[Round "4.1"]
[White "Matons Calafi, Eva M"]
[Black "Reverdy, Micah Fabrice"]
[Result "1-0"]
[WhiteElo "1775"]
[BlackElo "1718"]
[PlyCount "55"]
[EventDate "2016.08.19"]
[EventType "swiss"]
[EventRounds "10"]
[EventCountry "ESP"]
[SourceTitle "Ajedrez en Madrid"]
[Source "lmi"]
[SourceDate "2016.08.19"]

1. e4 c5 2. Nf3 g6 3. d3 Nc6 4. g3 Bg7 5. Bg2 d6 6. O-O Nf6 7. c3 O-O 8. Nbd2
Nd7 9. Re1 Rb8 10. Nb3 b5 11. d4 b4 12. Bf4 bxc3 13. bxc3 e5 14. Be3 a5 15.
dxc5 a4 16. Qxd6 axb3 17. Qxc6 b2 18. Rab1 Qa5 19. Qd6 Rd8 20. Bg5 Bf8 21. Be7
Bxe7 22. Qxe7 Ba6 23. Ng5 Qxa2 24. Bf1 Bxf1 25. Rxf1 Rbc8 26. Rxb2 Qc4 27. Rb7
h6 28. Rxd7 1-0

[Event "18. Open de Sants Hostafrancs 2016 - C"]
[Site "Barcelona ESP"]
[Date "2016.08.22"]
[Round "4.2"]
[White "Petit Montes, Marc"]
[Black "Werkhoven, Gerard"]
[Result "1-0"]
[WhiteElo "1770"]
[BlackElo "1714"]
[PlyCount "79"]
[EventDate "2016.08.19"]
[EventType "swiss"]
[EventRounds "10"]
[EventCountry "ESP"]
[SourceTitle "Ajedrez en Madrid"]
[Source "lmi"]
[SourceDate "2016.08.19"]

1. b3 d5 2. e3 Nf6 3. Bb2 Bf5 4. Nf3 h6 5. c4 e6 6. Nc3 c6 7. Be2 Nbd7 8. d4
Bd6 9. h3 O-O 10. O-O Rc8 11. Rc1 Ne4 12. Bd3 Ndf6 13. Qe2 Nxc3 14. Bxc3 Ne4
15. Bb2 Qf6 16. Rfd1 Kh8 17. Ne5 Bxe5 18. dxe5 Qg6 19. Bxe4 dxe4 20. Kh2 Qg5
21. Rd7 Bg6 22. Rcd1 Bh5 23. g4 Bg6 24. Rxb7 h5 25. Kg3 Rfd8 26. h4 Qxg4+ 27.
Qxg4 hxg4 28. Rbd7 Rxd7 29. Rxd7 Kh7 30. Rxa7 Rd8 31. Bd4 Kh6 32. b4 f5 33.
exf6 gxf6 34. Bxf6 Rg8 35. Rc7 Kh5 36. Rxc6 Bf5 37. b5 Rf8 38. Be5 Bg6 39. Bf4
e5 40. Rc5 1-0

[Event "18. Open de Sants Hostafrancs 2016 - C"]
[Site "Barcelona ESP"]
[Date "2016.08.22"]
[Round "4.3"]
[White "Ranieri, Pierpaolo"]
[Black "Albert Estebanez, Carles"]
[Result "1-0"]
[WhiteElo "1710"]
[BlackElo "1756"]
[PlyCount "80"]
[EventDate "2016.08.19"]
[EventType "swiss"]
[EventRounds "10"]
[EventCountry "ESP"]
[SourceTitle "Ajedrez en Madrid"]
[Source "lmi"]
[SourceDate "2016.08.19"]

1. d4 Nf6 2. Nf3 d6 3. Nbd2 Bf5 4. c3 g6 5. Qb3 Qc8 6. Ng5 d5 7. e4 Nxe4 8.
Ndxe4 Bxe4 9. f3 Bf5 10. Qxd5 Be6 11. Qe5 Rg8 12. Nxe6 Qxe6 13. Qxe6 fxe6 14.
Bc4 Kd7 15. O-O g5 16. d5 e5 17. d6 e6 18. dxc7 Nc6 19. Be3 Rg6 20. Bd3 Rg7 21.
Bc4 Rg6 22. Bd3 Rg7 23. Be4 Kxc7 24. g4 h6 25. Rad1 a6 26. Rd2 Rd8 27. Rxd8
Nxd8 28. Rd1 Nc6 29. h4 Be7 30. h5 Rg8 31. Kf1 Rd8 32. Rxd8 Bxd8 33. Ke2 Ne7
34. c4 Nc6 35. Bxc6 Kxc6 36. Kd3 Bc7 37. b4 b5 38. cxb5+ axb5 39. Bc5 Bd6 40.
Bxd6 Kxd6 1-0

[Event "18. Open de Sants Hostafrancs 2016 - C"]
[Site "Barcelona ESP"]
[Date "2016.08.22"]
[Round "4.4"]
[White "Aparicio Escudero, Hector F"]
[Black "Halegua, Dani"]
[Result "0-1"]
[WhiteElo "1734"]
[BlackElo "1578"]
[PlyCount "88"]
[EventDate "2016.08.19"]
[EventType "swiss"]
[EventRounds "10"]
[EventCountry "ESP"]
[SourceTitle "Ajedrez en Madrid"]
[Source "lmi"]
[SourceDate "2016.08.19"]

1. Nf3 d5 2. d4 Nf6 3. e3 Bf5 4. c4 c6 5. Nc3 e6 6. cxd5 exd5 7. Bd3 Bg6 8.
Bxg6 hxg6 9. Qc2 Nbd7 10. h3 Bd6 11. O-O O-O 12. Bd2 Re8 13. Rac1 Rc8 14. Qb1
Nb6 15. b3 Ne4 16. Qb2 Qe7 17. Nb1 f5 18. Bc3 g5 19. Qe2 g4 20. hxg4 fxg4 21.
Ne5 Bxe5 22. dxe5 g3 23. fxg3 Nxg3 24. Qg4 Nxf1 25. Rxf1 Rf8 26. Rxf8+ Rxf8 27.
e6 Nc8 28. Nd2 Nd6 29. e4 Nxe4 30. Nxe4 dxe4 31. Qxe4 Qc5+ 32. Bd4 Qc1+ 33. Kh2
Qf4+ 34. Qxf4 Rxf4 35. Bxa7 Re4 36. Kg3 Rxe6 37. Kf3 Re5 38. Bb6 Kf7 39. g3 g6
40. g4 Ke6 41. Bc7 Rd5 42. Ke3 Rd1 43. a3 Rb1 44. b4 Rb3+ 0-1

[Event "18. Open de Sants Hostafrancs 2016 - C"]
[Site "Barcelona ESP"]
[Date "2016.08.22"]
[Round "4.5"]
[White "Bogantes Robleto, Karina"]
[Black "Baroukh, Leon"]
[Result "0-1"]
[WhiteElo "1599"]
[BlackElo "1720"]
[PlyCount "100"]
[EventDate "2016.08.19"]
[EventType "swiss"]
[EventRounds "10"]
[EventCountry "ESP"]
[SourceTitle "Ajedrez en Madrid"]
[Source "lmi"]
[SourceDate "2016.08.19"]

1. d4 d5 2. Bf4 e6 3. Nf3 Nc6 4. e3 a6 5. c3 Bd6 6. Bg3 Bxg3 7. hxg3 Nf6 8. Bd3
h6 9. Nbd2 Qe7 10. Qe2 b5 11. a3 e5 12. dxe5 Nxe5 13. Nxe5 Qxe5 14. Nf3 Qd6 15.
e4 Qe7 16. exd5 Qxe2+ 17. Bxe2 Nxd5 18. c4 bxc4 19. Bxc4 Bb7 20. O-O O-O 21.
Rac1 c6 22. Rfd1 Rfe8 23. Kf1 Rad8 24. Bb3 Re7 25. Nd4 Rc7 26. Rc5 Nf6 27. Nf3
Rxd1+ 28. Bxd1 Ne4 29. Re5 Nd6 30. Bb3 c5 31. Bd5 c4 32. Bxb7 Rxb7 33. Re2 f6
34. Rc2 Kf7 35. Ke2 Ke6 36. Ke3 Kd5 37. Kd2 g5 38. Ng1 Ne4+ 39. Kc1 g4 40. Ne2
Kc5 41. b4+ Kd5 42. Nc3+ Nxc3 43. Rxc3 Re7 44. Re3 Rxe3 45. fxe3 c3 46. a4 Kc4
47. b5 axb5 48. axb5 Kxb5 49. Kc2 Kc4 50. e4 h5 0-1

[Event "18. Open de Sants Hostafrancs 2016 - C"]
[Site "Barcelona ESP"]
[Date "2016.08.22"]
[Round "4.6"]
[White "Falomir Ballega, Sergi"]
[Black "Lorenzo Gallardo, Eduard"]
[Result "0-1"]
[WhiteElo "1695"]
[BlackElo "1791"]
[PlyCount "92"]
[EventDate "2016.08.19"]
[EventType "swiss"]
[EventRounds "10"]
[EventCountry "ESP"]
[SourceTitle "Ajedrez en Madrid"]
[Source "lmi"]
[SourceDate "2016.08.19"]

1. d4 d5 2. Nf3 Bf5 3. e3 c6 4. c4 dxc4 5. Bxc4 e6 6. a4 Nf6 7. Nc3 Ne4 8. O-O
Nd7 9. Nxe4 Bxe4 10. Nd2 Bg6 11. e4 Be7 12. f4 Nb6 13. f5 Qxd4+ 14. Kh1 Nxc4
15. fxg6 hxg6 16. Qf3 Ne5 17. Qe2 Bd6 18. h3 f6 19. Nf3 Nxf3 20. Qxf3 Qe5 21.
Bf4 Qxf4 22. Qxf4 Bxf4 23. Rxf4 g5 24. Rff1 g4 25. Kh2 Rd8 26. Rad1 Rxd1 27.
Rxd1 e5 28. a5 Ke7 29. a6 gxh3 30. gxh3 b6 31. b4 Rd8 32. Rc1 Rc8 33. Kg3 c5
34. b5 c4 35. Rc3 Rc5 36. Kg4 g6 37. h4 Rxb5 38. Rxc4 Rc5 39. Ra4 Ra5 40. Rc4
Kd7 41. h5 gxh5+ 42. Kxh5 Rxa6 43. Kg6 b5 44. Rc5 Rb6 45. Kf7 a6 46. Rd5+ Rd6
0-1

[Event "18. Open de Sants Hostafrancs 2016 - C"]
[Site "Barcelona ESP"]
[Date "2016.08.22"]
[Round "4.7"]
[White "Albert Cristobal, Jorge"]
[Black "Fernandez Pintado, Xavier"]
[Result "1/2-1/2"]
[WhiteElo "1781"]
[BlackElo "1684"]
[PlyCount "112"]
[EventDate "2016.08.19"]
[EventType "swiss"]
[EventRounds "10"]
[EventCountry "ESP"]
[SourceTitle "Ajedrez en Madrid"]
[Source "lmi"]
[SourceDate "2016.08.19"]

1. e4 e6 2. d4 d5 3. Nd2 c5 4. Ngf3 Nc6 5. c3 cxd4 6. cxd4 Bb4 7. Bb5 Nge7 8.
O-O O-O 9. e5 a6 10. Bd3 f5 11. exf6 Rxf6 12. Nb3 h6 13. Ne5 Bd7 14. Ng4 Nf5
15. Nxf6+ Qxf6 16. Bxf5 Qxf5 17. Nc5 Bxc5 18. dxc5 Rf8 19. a4 Be8 20. Ra3 Bh5
21. Qd3 Qf6 22. Qg3 Nd4 23. Kh1 Ne2 24. Qd3 Nxc1 25. Rxc1 Qxf2 26. Raa1 Be2 27.
Qg3 Qd4 28. h3 e5 29. Re1 Rf2 30. Rg1 e4 31. Qc3 Qd3 32. Rac1 e3 33. c6 bxc6
34. Qxc6 Qe4 35. Qd6 d4 36. Qg3 Rf5 37. Qg6 Qd5 38. Rc7 Qe5 39. Rc8+ Rf8 40.
Rgc1 Bh5 41. Rxf8+ Kxf8 42. Rc8+ Ke7 43. Qb6 Kf7 44. Qb3+ Ke7 45. Qb7+ Kf6 46.
Rc6+ Kg5 47. Qc8 e2 48. Qd8+ Kf4 49. Qh4+ Ke3 50. Qe1 d3 51. Kg1 Bf7 52. Rc3
Qd4 53. Kh1 Bg6 54. Qc1+ Kf2 55. Qg1+ Kg3 56. Qh2+ Kf2 1/2-1/2

[Event "18. Open de Sants Hostafrancs 2016 - C"]
[Site "Barcelona ESP"]
[Date "2016.08.22"]
[Round "4.8"]
[White "Juan Bartroli, Marc"]
[Black "Monteagudo Aguilera, Maximo"]
[Result "0-1"]
[WhiteElo "1570"]
[BlackElo "1759"]
[PlyCount "108"]
[EventDate "2016.08.19"]
[EventType "swiss"]
[EventRounds "10"]
[EventCountry "ESP"]
[SourceTitle "Ajedrez en Madrid"]
[Source "lmi"]
[SourceDate "2016.08.19"]

1. b3 d5 2. e3 c5 3. Bb2 Nc6 4. Bb5 Bd7 5. Nf3 e6 6. Bxc6 Bxc6 7. O-O Nf6 8.
Ne5 Be7 9. d3 O-O 10. Nd2 Qc7 11. f4 Rad8 12. Qe1 Ne8 13. Ndf3 f6 14. Nxc6 Qxc6
15. Rd1 Rf7 16. e4 b5 17. e5 f5 18. a4 Nc7 19. Qa5 a6 20. Ra1 Ra8 21. axb5 axb5
22. Qd2 Rff8 23. Kh1 h6 24. c3 Rxa1 25. Rxa1 Ra8 26. Qc1 Rxa1 27. Qxa1 Qa6 28.
Qxa6 Nxa6 29. Ba3 Kf7 30. Kg1 b4 31. Bb2 bxc3 32. Bxc3 Bd8 33. Kf1 Ke8 34. Ke2
Kd7 35. Kd2 Kc6 36. Kc2 Kb5 37. Bd2 Bb6 38. h3 Nc7 39. g4 d4 40. gxf5 exf5 41.
Nh4 g5 42. fxg5 hxg5 43. Bxg5 Ne6 44. Bf6 f4 45. Nf3 Bd8 46. Bxd8 Nxd8 47. h4
Kc6 48. Ng5 Kd5 49. Kd2 Kxe5 50. Ke2 Kf5 51. Kf3 Nc6 52. Nf7 Nb4 53. Ke2 Kg4
54. Kf2 Kxh4 0-1

[Event "18. Open de Sants Hostafrancs 2016 - C"]
[Site "Barcelona ESP"]
[Date "2016.08.22"]
[Round "4.9"]
[White "Gomez Guinovart, Josep Manel"]
[Black "Brunner, Juergen"]
[Result "0-1"]
[WhiteElo "1669"]
[BlackElo "1755"]
[PlyCount "56"]
[EventDate "2016.08.19"]
[EventType "swiss"]
[EventRounds "10"]
[EventCountry "ESP"]
[SourceTitle "Ajedrez en Madrid"]
[Source "lmi"]
[SourceDate "2016.08.19"]

1. d4 d5 2. Bf4 Nf6 3. e3 e6 4. Bd3 c5 5. Nf3 b6 6. O-O Bb7 7. Nbd2 Be7 8. c3
Nbd7 9. Rc1 O-O 10. Re1 Ne4 11. Ne5 Nxe5 12. Bxe5 Nxd2 13. Qxd2 f5 14. g3 Bf6
15. Bxf6 Qxf6 16. f4 g5 17. Rf1 g4 18. Rf2 Qg6 19. Rg2 Kf7 20. Rf1 h5 21. Rff2
Rh8 22. Qd1 Bc6 23. c4 dxc4 24. Bxc4 Bxg2 25. Kxg2 cxd4 26. Qxd4 Rhd8 27. Qe5
Rac8 28. Bb3 Rc5 0-1

[Event "18. Open de Sants Hostafrancs 2016 - C"]
[Site "Barcelona ESP"]
[Date "2016.08.22"]
[Round "4.10"]
[White "Salazar Navas, Josep"]
[Black "Escoriza Lusilla, Pedro"]
[Result "0-1"]
[WhiteElo "1749"]
[BlackElo "1668"]
[PlyCount "38"]
[EventDate "2016.08.19"]
[EventType "swiss"]
[EventRounds "10"]
[EventCountry "ESP"]
[SourceTitle "Ajedrez en Madrid"]
[Source "lmi"]
[SourceDate "2016.08.19"]

1. e4 d5 2. exd5 Qxd5 3. Nc3 Qa5 4. Bc4 Nf6 5. d3 c5 6. Bd2 Qc7 7. Nge2 a6 8.
Nf4 e6 9. O-O Bd6 10. Qf3 O-O 11. Ne4 Nxe4 12. Qxe4 Nc6 13. h4 b5 14. Bb3 Bb7
15. Qe3 Nd4 16. Rae1 Nf5 17. Nxe6 Nxe3 18. Nxc7 Nxf1 19. Nxa8 Nxd2 0-1

[Event "18. Open de Sants Hostafrancs 2016 - C"]
[Site "Barcelona ESP"]
[Date "2016.08.23"]
[Round "5.1"]
[White "Baroukh, Leon"]
[Black "Matons Calafi, Eva M"]
[Result "0-1"]
[WhiteElo "1720"]
[BlackElo "1775"]
[PlyCount "64"]
[EventDate "2016.08.19"]
[EventType "swiss"]
[EventRounds "10"]
[EventCountry "ESP"]
[SourceTitle "Ajedrez en Madrid"]
[Source "lmi"]
[SourceDate "2016.08.19"]

1. d4 Nf6 2. c4 g6 3. Nc3 Bg7 4. e4 d6 5. Nf3 O-O 6. Be2 e5 7. dxe5 dxe5 8.
Qxd8 Rxd8 9. Nxe5 Nxe4 10. Nxf7 Bxc3+ 11. bxc3 Kxf7 12. Bb2 Be6 13. f3 Nc5 14.
Ba3 Nd3+ 15. Kf1 Bxc4 16. g3 Ne5 17. Re1 Bxe2+ 18. Rxe2 Rd1+ 19. Kg2 Rxh1 20.
Kxh1 Nbc6 21. f4 Nc4 22. Bc5 Re8 23. Rc2 Re1+ 24. Kg2 Ne3+ 25. Bxe3 Rxe3 26.
Kf2 Rd3 27. Ke2 Rd6 28. Kf3 Na5 29. c4 c5 30. h4 Rd4 31. Kg4 Nxc4 32. Kg5 Rd5+
0-1

[Event "18. Open de Sants Hostafrancs 2016 - C"]
[Site "Barcelona ESP"]
[Date "2016.08.23"]
[Round "5.2"]
[White "Halegua, Dani"]
[Black "Petit Montes, Marc"]
[Result "1/2-1/2"]
[WhiteElo "1578"]
[BlackElo "1770"]
[PlyCount "72"]
[EventDate "2016.08.19"]
[EventType "swiss"]
[EventRounds "10"]
[EventCountry "ESP"]
[SourceTitle "Ajedrez en Madrid"]
[Source "lmi"]
[SourceDate "2016.08.19"]

1. e4 c6 2. Nc3 d5 3. Nf3 dxe4 4. Nxe4 Bg4 5. h3 Bxf3 6. Qxf3 e6 7. c3 Nd7 8.
d4 Ngf6 9. Bd3 Nxe4 10. Bxe4 Nf6 11. Bg5 Be7 12. Bxf6 Bxf6 13. O-O O-O 14. Rfe1
Qc7 15. h4 Be7 16. Rad1 Rad8 17. g3 Rd7 18. Bc2 Rfd8 19. Qe4 g6 20. h5 Qa5 21.
hxg6 hxg6 22. Bb3 Kg7 23. Kg2 Rh8 24. Qe5+ Qxe5 25. dxe5 Rhd8 26. Rxd7 Rxd7 27.
Rd1 Rxd1 28. Bxd1 f6 29. exf6+ Kxf6 30. f4 e5 31. Kf3 exf4 32. gxf4 Bd6 33. Ke4
Bc7 34. Bg4 Bd6 35. Bd1 Bc7 36. Bg4 Bd6 1/2-1/2

[Event "18. Open de Sants Hostafrancs 2016 - C"]
[Site "Barcelona ESP"]
[Date "2016.08.23"]
[Round "5.3"]
[White "Romero Funieles, Rafael"]
[Black "Ranieri, Pierpaolo"]
[Result "1-0"]
[WhiteElo "1722"]
[BlackElo "1710"]
[PlyCount "81"]
[EventDate "2016.08.19"]
[EventType "swiss"]
[EventRounds "10"]
[EventCountry "ESP"]
[SourceTitle "Ajedrez en Madrid"]
[Source "lmi"]
[SourceDate "2016.08.19"]

1. e4 d6 2. Nf3 Nf6 3. c3 Nxe4 4. Qa4+ Nc6 5. Qxe4 g6 6. Bb5 Bd7 7. d4 Bg7 8.
Bxc6 Bxc6 9. d5 Bb5 10. c4 Bd7 11. O-O O-O 12. Re1 Re8 13. Nc3 Bf5 14. Qh4 e5
15. Qxd8 Raxd8 16. Be3 Bd3 17. Nd2 a6 18. g3 f5 19. Rac1 h6 20. Na4 Rf8 21. Nb3
g5 22. c5 f4 23. Bd2 Rd7 24. cxd6 cxd6 25. Nb6 fxg3 26. hxg3 Rdf7 27. Be3 e4
28. Rc8 Bxb2 29. Rxf8+ Kxf8 30. Bd4 Ba3 31. Kg2 Rc7 32. Be3 Rc2 33. Nd4 Rxa2
34. Ne6+ Ke7 35. Rh1 Be2 36. Rxh6 Bf3+ 37. Kh2 Ra1 38. Bxg5+ Kf7 39. Rf6+ Kg8
40. Rg6+ Kh7 41. Nf8+ 1-0

[Event "18. Open de Sants Hostafrancs 2016 - C"]
[Site "Barcelona ESP"]
[Date "2016.08.23"]
[Round "5.4"]
[White "Lorenzo Gallardo, Eduard"]
[Black "Manosas Vila, Ester"]
[Result "0-1"]
[WhiteElo "1791"]
[BlackElo "1729"]
[PlyCount "44"]
[EventDate "2016.08.19"]
[EventType "swiss"]
[EventRounds "10"]
[EventCountry "ESP"]
[SourceTitle "Ajedrez en Madrid"]
[Source "lmi"]
[SourceDate "2016.08.19"]

1. e4 e5 2. Nf3 Nc6 3. Bc4 Bc5 4. Bb3 Nf6 5. Nc3 d6 6. h3 Be6 7. d3 h6 8. Bd2
O-O 9. Na4 Bb6 10. Nxb6 axb6 11. Bc3 Bxb3 12. axb3 Rxa1 13. Qxa1 Re8 14. O-O
Ne7 15. Qa4 Ng6 16. g3 Qc8 17. Kg2 Rd8 18. Re1 Nh5 19. Bd2 Rf8 20. d4 Rd8 21.
Bc3 Ngf4+ 22. gxf4 Nxf4+ 0-1

[Event "18. Open de Sants Hostafrancs 2016 - C"]
[Site "Barcelona ESP"]
[Date "2016.08.23"]
[Round "5.5"]
[White "Monteagudo Aguilera, Maximo"]
[Black "La Sierra Arceiz, Javier"]
[Result "1-0"]
[WhiteElo "1759"]
[BlackElo "1492"]
[PlyCount "57"]
[EventDate "2016.08.19"]
[EventType "swiss"]
[EventRounds "10"]
[EventCountry "ESP"]
[SourceTitle "Ajedrez en Madrid"]
[Source "lmi"]
[SourceDate "2016.08.19"]

1. e4 e5 2. Nf3 Nc6 3. Bc4 h6 4. c3 Qf6 5. d4 d6 6. Be3 b6 7. Nbd2 Na5 8. Bb5+
c6 9. Ba4 b5 10. Bc2 Bg4 11. Qe2 a6 12. h3 Bh5 13. g4 Bg6 14. O-O-O Qe6 15. Kb1
Nc4 16. Nh4 Ne7 17. f4 exf4 18. Bxf4 Bh7 19. Bg3 a5 20. Rhe1 d5 21. Nf5 g6 22.
Nxc4 bxc4 23. Nd6+ Kd7 24. Nb7 Nc8 25. Qf3 g5 26. exd5 Bxc2+ 27. Kxc2 Qxd5 28.
Qf6 Rg8 29. Qd8# 1-0

[Event "18. Open de Sants Hostafrancs 2016 - C"]
[Site "Barcelona ESP"]
[Date "2016.08.23"]
[Round "5.6"]
[White "Brunner, Juergen"]
[Black "Dorregarai Iparaguirre, Leire"]
[Result "0-1"]
[WhiteElo "1755"]
[BlackElo "1334"]
[PlyCount "94"]
[EventDate "2016.08.19"]
[EventType "swiss"]
[EventRounds "10"]
[EventCountry "ESP"]
[SourceTitle "Ajedrez en Madrid"]
[Source "lmi"]
[SourceDate "2016.08.19"]

1. c4 g6 2. g3 Bg7 3. Nc3 d6 4. Bg2 Nd7 5. e3 e5 6. Nge2 Ngf6 7. b4 O-O 8. O-O
Re8 9. d3 Nf8 10. Rb1 Rb8 11. b5 Bd7 12. Bd2 c6 13. Qc2 Qe7 14. Rb3 Rec8 15.
Qb2 b6 16. a4 Ne6 17. Ra1 Nc5 18. Rba3 Nxd3 19. Qb1 Nc5 20. a5 bxa5 21. Rxa5 a6
22. b6 Bf5 23. Qb2 Qb7 24. Na4 Nfd7 25. Bc3 Nxa4 26. R5xa4 Nc5 27. R4a2 Qxb6
28. Qa3 Qb3 29. Qa5 Qxc4 30. Rd1 Qb5 31. h4 Qxa5 32. Rxa5 Nb3 33. Rxa6 d5 34.
Nc1 Nxc1 35. Rxc1 Rb1 36. Rxb1 Bxb1 37. Bh3 Bf5 38. Bg2 Bd3 39. Rb6 e4 40. Bd2
Bb5 41. Bh3 f5 42. g4 Rf8 43. Bb4 Rf7 44. Rb8+ Bf8 45. gxf5 gxf5 46. Bc3 h6 47.
Kg2 Kh7 0-1

[Event "18. Open de Sants Hostafrancs 2016 - C"]
[Site "Barcelona ESP"]
[Date "2016.08.23"]
[Round "5.7"]
[White "Escoriza Lusilla, Pedro"]
[Black "Muratet Carmona, Julia"]
[Result "0-1"]
[WhiteElo "1668"]
[BlackElo "1786"]
[PlyCount "110"]
[EventDate "2016.08.19"]
[EventType "swiss"]
[EventRounds "10"]
[EventCountry "ESP"]
[SourceTitle "Ajedrez en Madrid"]
[Source "lmi"]
[SourceDate "2016.08.19"]

1. c4 c5 2. Nc3 Nf6 3. g3 e6 4. e3 d5 5. cxd5 exd5 6. d4 c4 7. Bg2 Nc6 8. a3
Bf5 9. Nge2 g5 10. e4 Nxe4 11. Nxe4 Bxe4 12. Bxe4 dxe4 13. d5 Ne5 14. Qa4+ Qd7
15. Qxd7+ Kxd7 16. O-O h5 17. Kg2 Nf3 18. Nc3 f5 19. Rh1 h4 20. Be3 Bd6 21. Nb5
Be5 22. Rab1 a6 23. Nc3 b5 24. Ne2 Kd6 25. Ng1 f4 26. Bb6 h3+ 27. Nxh3 Nd2 28.
Rbd1 f3+ 29. Kg1 Rxh3 30. Rxd2 c3 31. bxc3 Bxc3 32. Rc2 Be5 33. Bc7+ Kxd5 34.
Bxe5 Kxe5 35. Rc5+ Kd4 36. Rc1 Kd3 37. Kf1 Rah8 38. Ke1 Rxh2 39. Rxh2 Rxh2 40.
Rd1+ Kc3 41. Rc1+ Kb3 42. Rc6 Kxa3 43. Rxa6+ Kb3 44. Re6 Kc3 45. Rc6+ Kd4 46.
Rb6 b4 47. Rb8 Kc3 48. Rc8+ Kb2 49. Rb8 b3 50. Rb7 g4 51. Rb8 e3 52. fxe3 Re2+
53. Kf1 Rxe3 54. Kf2 Re2+ 55. Kf1 Rg2 0-1